000
00297cam a2200133ua 4500
041
_a
ben
_h
082
_a
330.8
_b
PRU/SP
100
_a
Pruthi, J.S. .
245
_a
Spices and conditions /
_c
J.S.Pruthi.
_h
Textual Documents
300
_a
269 ; .
504
_a
942
_c
BK
999
_c
3105
_d
3105